Statistics for 1M+ First-Level Subdivisions of North America on a Map

Click here to take the quiz!

General Stats

  • This quiz has been taken 214 times
    (42 since last reset)
  • The average score is 75 of 100

Answers on the Map

Answers color-coded by a green-red scale on the quiz's map according to % correct below.
 

Answer Stats

CountryTypeAnswer% Correct
United States 2022 EStateTexas
97%
United States 2022 EStateWashington
97%
United States 2022 EStateCalifornia
95%
United States 2022 EStateIdaho
95%
United States 2022 EStateNevada
95%
Canada 2022 EProvinceOntario
95%
United States 2022 EStateOregon
95%
United States 2022 EStateUtah
95%
United States 2022 EStateAlabama
92%
Canada 2022 EProvinceAlberta
92%
United States 2022 EStateArizona
92%
United States 2022 EStateColorado
92%
United States 2022 EStateFlorida
92%
United States 2022 EStateGeorgia
92%
United States 2022 EStateIowa
92%
United States 2022 EStateLouisiana
92%
United States 2022 EStateMaine
92%
Mexico 2020 CStateMéxico
92%
Mexico 2020 CDistrictMexico City
92%
United States 2022 EStateMichigan
92%
United States 2022 EStateMississippi
92%
United States 2022 EStateMontana
92%
United States 2022 EStateNew York
92%
United States 2022 EStateNorth Carolina
92%
United States 2022 EStateOhio
92%
United States 2022 EStatePennsylvania
92%
United States 2022 EStateSouth Carolina
92%
United States 2022 EStateArkansas
89%
Mexico 2020 CStateBaja California
89%
Canada 2022 EProvinceBritish Columbia
89%
Mexico 2020 CStateChihuahua
89%
United States 2022 EStateDelaware
89%
United States 2022 EStateKansas
89%
United States 2022 EStateKentucky
89%
Canada 2022 EProvinceManitoba
89%
United States 2022 EStateMassachusetts
89%
United States 2022 EStateMinnesota
89%
United States 2022 EStateNebraska
89%
United States 2022 EStateNew Hampshire
89%
United States 2022 EStateNew Jersey
89%
United States 2022 EStateNew Mexico
89%
Canada 2022 EProvinceNova Scotia
89%
United States 2022 EStateOklahoma
89%
Haiti 2009 EDepartmentOuest
89%
Panama 2023 CProvincePanamá
89%
Canada 2022 EProvinceQuebec
89%
United States 2022 EStateTennessee
89%
United States 2022 EStateVirginia
89%
United States 2022 EStateWisconsin
89%
United States 2022 EStateConnecticut
86%
United States 2022 EStateIllinois
86%
United States 2022 EStateIndiana
86%
United States 2022 EStateMaryland
86%
United States 2022 EStateMissouri
86%
United States 2020 CTerritoryPuerto Rico
86%
United States 2022 EStateRhode Island
86%
Canada 2022 EProvinceSaskatchewan
86%
United States 2022 EStateWest Virginia
86%
Mexico 2020 CStateYucatán
84%
Cuba 2022 EProvinceLa Habana
78%
Costa Rica 2022 EProvinceSan José
78%
Guatemala 2018 CDepartmentGuatemala
76%
Mexico 2020 CStateOaxaca
73%
El Salvador 2020 PDepartmentSan Salvador
73%
Dominican Republic 2022 CDistrictDistrito Nacional
70%
Mexico 2020 CStatePuebla
70%
Dominican Republic 2022 CProvinceSanto Domingo
70%
Mexico 2020 CStateSonora
70%
Mexico 2020 CStateJalisco
68%
Nicaragua 2023 EDepartmentManagua
68%
Mexico 2020 CStateQuintana Roo
68%
Mexico 2020 CStateTabasco
68%
Mexico 2020 CStateVeracruz
68%
Mexico 2020 CStateChiapas
65%
Mexico 2020 CStateNuevo León
65%
Mexico 2020 CStateSinaloa
59%
Mexico 2020 CStateAguascalientes
54%
Dominican Republic 2022 CProvinceSantiago
54%
Cuba 2022 EProvinceSantiago de Cuba
54%
Mexico 2020 CStateTamaulipas
54%
Mexico 2020 CStateSan Luis Potosí
51%
Mexico 2020 CStateTlaxcala
51%
Mexico 2020 CStateCoahuila
49%
Mexico 2020 CStateDurango
49%
Mexico 2020 CStateGuerrero
49%
Mexico 2020 CStateHidalgo
49%
Mexico 2020 CStateQuerétaro
49%
Mexico 2020 CStateZacatecas
49%
Mexico 2020 CStateGuanajuato
46%
Mexico 2020 CStateMichoacán
46%
Mexico 2020 CStateMorelos
46%
Mexico 2020 CStateNayarit
46%
Costa Rica 2022 EProvinceAlajuela
27%
Haiti 2009 EDepartmentArtibonite
24%
Cuba 2022 EProvinceHolguín
24%
Guatemala 2018 CDepartmentHuehuetenango
24%
Guatemala 2018 CDepartmentAlta Verapaz
22%
Honduras 2023 PDepartmentFrancisco Morazán
22%
Guatemala 2018 CDepartmentSan Marcos
19%
Honduras 2023 PDepartmentCortés
16%

Score Distribution

Percentile by Number Answered

Percent of People with Each Score

Your Score History

You have not taken this quiz since the last reset